Die kunst im handwerk österreichs (Record no. 9659)
[ view plain ]
| 000 -CABECERA | |
|---|---|
| campo de control de longitud fija | 00612nam a2200217 a 4500 |
| 001 - NÚMERO DE CONTROL | |
| campo de control | BRL_847 |
| 005 - FECHA Y HORA DE LA ÚLTIMA TRANSACCIÓN | |
| campo de control | 20190320210925.0 |
| 008 - DATOS DE LONGITUD FIJA--INFORMACIÓN GENERAL | |
| campo de control de longitud fija | 181013s1924----au-a######---#000-0#ger-# |
| 041 ## - CÓDIGO DE LENGUA | |
| Código de lengua del texto/banda sonora o título independiente | ger |
| 044 ## - CÓDIGO DEL PAÍS DE LA ENTIDAD EDITORA/PRODUCTORA | |
| Código MARC del país | au |
| 050 #4 - SIGNATURA TOPOGRÁFICA DE LA BIBLIOTECA DEL CONGRESO | |
| Número de clasificación | N6806 |
| Número de documento/Ítem | .L45 1924 |
| 100 1# - ENTRADA PRINCIPAL--NOMBRE DE PERSONA | |
| Nombre de persona | Leisching, Julius |
| 9 (RLIN) | 25120 |
| 245 10 - MENCIÓN DE TÍTULO | |
| Título | Die kunst im handwerk österreichs |
| Resto del título | Mit 60 Abbildungen |
| Mención de responsabilidad, etc. | von Julius Leisching. |
| 260 ## - PUBLICACIÓN, DISTRIBUCIÓN, ETC. | |
| Lugar de publicación, distribución, etc. | Wien |
| Nombre del editor, distribuidor, etc. | Österreichischer Schulbücherverlag |
| Fecha de publicación, distribución, etc. | 1924 |
| 300 ## - DESCRIPCIÓN FÍSICA | |
| Extensión | 208 p. |
| Otras características físicas | il. |
| Dimensiones | 23 cm. |
| 440 #0 - MENCIÓN DE SERIE/PUNTO DE ACCESO ADICIONAL--TÍTULO | |
| Título | Deutsche Hausbücherei |
| 9 (RLIN) | 25121 |
| 500 ## - NOTA GENERAL | |
| Nota general | Au979 |
| 650 14 - PUNTO DE ACCESO ADICIONAL DE MATERIA--TÉRMINO DE MATERIA | |
| Término de materia o nombre geográfico como elemento de entrada | Arte |
| Subdivisión geográfica | Austría |
| 9 (RLIN) | 25122 |
| 902 ## - CATALOGADOR | |
| Iniciales | GRL |
| 942 ## - ELEMENTOS DE PUNTO DE ACCESO ADICIONAL (KOHA) | |
| Fuente del sistema de clasificación o colocación | Library of Congress Classification |
| Tipo de ítem Koha | Libros |
| Estado de retiro | Estado de pérdida | Estado dañado | No para préstamo | Localización permanente | Ubicación/localización actual | Fecha de adquisición | Número de inventario | Total de préstamos | Signatura topográfica completa | Código de barras | Fecha visto por última vez | Precio válido a partir de | Tipo de ítem Koha |
|---|---|---|---|---|---|---|---|---|---|---|---|---|---|
| El ejemplar forma parte de la colección y puede ser consultado según las políticas vigentes. | Biblioteca Centro de Estudios Ruth D. Lechuga | Biblioteca Centro de Estudios Ruth D. Lechuga | 18/10/2013 | Au979 | N6806 .L45 1924 (Au979) | GRL00916 | 22/03/2019 | 22/03/2019 | Libros |